000 01127nam a22003617a 4500
003 CHAP
005 20220817044524.0
008 120524s2011 it a rs 00010 fre d
010 _a103215
011 _a104187
020 _a9789252068556
035 _a114877
040 _cCHAP
082 0 4 _a634.9
_bF3f v.165
110 2 _aFAO
245 1 4 _aRéforme de la tenure forestière :
_benjeux, principes et processus
_c/por FAO
260 _aRoma :
_bFAO,
_c2011
300 _ax, 98 p. :
_bilus., gráfs.
490 0 _aFAO. Montes
_v; 165
590 _aBATCH-UPD
_b10
_c20130110
_lUCH01
_h0849
590 _aBATCH-UPD
_b10
_c20130410
_lUCH01
_h0521
590 _aBATCH-UPD
_b10
_c20130914
_lUCH01
_h0705
590 _aCONVERSION
_b10
_c20130109
_lUCH01
_h1357
650 1 4 _aBosques.
_914002
650 1 4 _aEducación agrícola.
_935491
650 1 4 _aReforma agraria.
_995517
650 1 4 _aSuelos forestales.
_9110548
650 1 4 _aTierras
_xTenencia.
_9113130
830 0 _aFAO. Montes
_v; 165
_939632
901 _aBK
942 _cLIBRO
949 _a634.9 F3f v165
_bBC
_cFAO
_d33724002328538
_eFAO1
_gDonaciØn
_h116670
_i114877
_sb
999 _c103215
_d103215